|
|
|
|
| LEADER |
00000nab a2200000 a 4500 |
| 001 |
vtls011113147 |
| 003 |
SK-MaSNL |
| 005 |
20260424124000.0 |
| 008 |
230222|2005 xo |||||||||||||||||eng| |
| 015 |
|
|
|a SNBRB
|
| 035 |
|
|
|a (uuid)b0a66169-0837-493d-b031-7a321abd8bb9
|
| 035 |
|
|
|a (urnnbn)urn:nbn:sk:snk:ar-a08ha2
|
| 035 |
|
|
|a urn:nbn:sk:snk-ab9jot
|
| 040 |
|
|
|a SNKBUCL
|b slo
|c SNKBUCL
|e AACR2
|
| 041 |
0 |
|
|a eng
|
| 044 |
|
|
|a xo
|c SK
|
| 100 |
1 |
|
|a Cibáková, Viera,
|d 1943-
|4 aut
|9 1637590
|
| 245 |
1 |
0 |
|a Otvorenie konferencie
|c Viera Cibáková
|
| 773 |
0 |
|
|t Verejná správa a regionálny rozvoj : vedecký časopis Vysokej školy ekonómie a manažmentu verejnej správy v Bratislave
|g Roč. 1, č. 1 (2005), s. 4-6
|
| 958 |
|
|
|a OND
|
| 958 |
|
|
|a EUIPO
|
| 958 |
|
|
|a article13
|
| 999 |
|
|
|c 2012270
|d 2014200
|